000 01272nam0a22003011 4500
001 rc\2269253
005 20250623034255.0
035 _a(NLR Aleph) 006550445
090 _a6734128
_c6734128
100 _a20110829d1977 |||y0rusy50 ca
101 0 _arus
102 _aRU
105 _ay j |||||
200 1 _aКредитование и расчеты в промышленности
_e[Учебник для специальности "Финансы и кредит"
_fДоценты Р.В. Корнеева, А.Г. Лурье, И.Д. Мамонтова и др.]
_gПод ред. канд. экон. наук Р.В. Корнеевой
210 _aМосква
_cФинансы
_d1977
215 _a207 с.
_d22
606 _aПромышленные предприятия
_jУчебники и пособия
_xКредитование и финансирование
_2psbo
686 _aУ9(2)262.226.300я73-1
_2rubbk
701 1 _aЛурье
_bА.Г.
701 1 _aМамонтова
_bИ.Д.
701 1 _aКорнеева
_bР.В.
_gРаиса Васильевна
_4340
801 0 _aRU
_bNLR
_gpsbo
801 1 _aRU
_bELAR
_2rusmarc
852 _aNLR
_j77-5/6413
899 _aRuMoRGB
_jБ 77-9/946
899 _aRuMoRGB
_jБ 77-9/947
942 _cBOOK
980 _aNB